00277nam a2200109Ia 4500008004100000100002100041245001600062260000900078300003400087440002400121650002200145180117s9999 xx 000 0 und d aby Jullie Y Daza aMedium Rare c2016 a16-18 pages, 2016 February 28 aPhilippine Panorama aIN THE LION'S DEN